000 01005nas a2200313 4500
001 BR0903068
003 BR-BrBNA
005 20231205113407.0
007 ta
008 230509b bl.|||p| |||| 00| 00por d
040 _aBR-BrBNA
_bpor
_cBiblioteca Nacional de Agricultura
041 _a(Pt)
072 _aH10
100 1 _aMonteiro, L.B.
100 1 _aMio, L.M. de
100 1 _aMotta, A.C.V.
100 1 _aSerrat, B.M.
100 1 _aCuquel, F.L.
245 1 _aFlutuação populacional e danos de Grapholita molesta em pomares convencional e de produção integrada de pêssego, no município de Lapa, PR
650 _aPÊSSEGO
650 _aINSETO
650 _aFLUTUAÇÃO POPULACIONAL
650 _aCONTROLE INTEGRADO
650 _aCONTROLE QUÍMICO
773 0 _tBragantia (Brazil)
_xISSN 0006-8705
_g(Jan-Feb 2009), v. 68(1) p. 99-107
_wBR0903068
856 4 0 _uhttp://www.aprh.pt/rgci/pdf/rgci-155_Borges.pdf
909 _a202311
_bLúcia
_c55
_dLúcia Elande
942 _2AGRIS
_n0
_cANA
999 _c203545
_d203545